| 000 | 00605cam a2200181 4500 | ||
|---|---|---|---|
| 001 | D6766 | ||
| 008 | 090401t1971 xxu||||| |||| 00| 0 eng d | ||
| 035 | _a(Sirsi) u2894 | ||
| 041 | _aeng | ||
| 050 | _a711.3 | ||
| 100 | _aLook, Sai-Hoo Yep-Sang | ||
| 245 | _aRegional and subregional physical planning: the role of the quantity surveyors in the threshold analysis technique. A thesis presented in accordance with the requirements of the Heriot-Watt University for the Degree of Master of Science | ||
| 260 | _c1971 | ||
| 300 | _a201p. 29 1/2cm | ||
| 350 | _a0 | ||
| 942 | _n0 | ||
| 948 | _c04/03/1997 | ||
| 999 |
_c85830 _d85830 |
||